|
|
|
|
| LEADER |
00830pam a22002778a 4500 |
| 001 |
00038523 |
| 005 |
20171026081025.0 |
| 008 |
170516s2001 ||||||Viesd |
| 041 |
0 |
# |
|a Vie
|
| 082 |
1 |
4 |
|a 372.4
|b D112H
|
| 100 |
1 |
# |
|a Lê, Phương Nga
|
| 245 |
1 |
0 |
|a Dạy học tập đọc ở tiểu học
|c Lê Phương Nga
|
| 260 |
# |
# |
|a Hà Nội
|b Giáo dục
|c 2001
|
| 300 |
# |
# |
|a 327tr.
|c 27cm
|
| 653 |
# |
# |
|a Giáo dục
|
| 653 |
# |
# |
|a Rèn luyện
|
| 653 |
# |
# |
|a Tập đọc
|
| 653 |
# |
# |
|a Tiểu học
|
| 653 |
# |
# |
|a Tiếng Việt
|
| 852 |
# |
# |
|b Kho mượn
|j KM.0022784, KM.0022555
|
| 852 |
# |
# |
|j KM.0022784
|j KM.0022555
|
| 852 |
# |
# |
|b Kho đọc
|j KD.1001096
|
| 910 |
|
|
|d 16/05/2017
|
| 980 |
# |
# |
|a Trung tâm Học liệu Lê Vũ Hùng, Trường Đại học Đồng Tháp
|